000 00603nam a2200241Ia 4500
003 OSt
005 20221005114330.0
006 a|||||r|||| 00| 0
007 ta
008 221004b |||||||| |||| 00| 0 mal d
024 _a57834
037 _cTextual
040 _aCRL
_cCRL
_bmal
041 _2mal
_amal
082 _aO32,6M91x, J52
100 _aMenon Rama
_9625796
245 0 _aArivulla ajnanikal
260 _c1955
300 _a194p.
_ccm.
650 _aMALAYALAM LITERATURE
_938866
942 _hO32,6M91x, J52
_cTEXL
_2cc
999 _c1030985
_d1030985